01037nam a2200265Ia 4500003000900000008004100009020001800050040001600068080002200084111009100106245016100197260005800358300001700416490003400433650001800467650002200485650003100507650001700538700003000555700002700585700002900612942000700641999001700648952010600665IN-BaIIA211028s9999 xx 000 0 eng d a1-58381-083-8 cIIA Library a082.2:52bASP-245 aConference on Astrophysical Ages and Time ScalescHawaii, U.S.A.d2001 Feb. 5-9926164 0aAstrophysical ages and time scalesbproceedings of a conference held in Hawaii, U.S.A., February 5-9, 2001cedited by T. V. Hippel, C. Simpson and N. Mansel aCaliforniabAstronomical Society of the Pacificc2001 axviii, 639p. aASP conference series; v. 245 aAstronomy980 aAstrophysics9794 aDebris disk systems926165 aGalaxy93368 aHippel, T. V., ed.926166 aMansel, N., ed.926167 aSimpson , C., ed.926168 cBK c14664d14664 00104070aBANbBANcGENd2002-06-11l0o082.2:52/ ASP-245p15586r2021-11-05w2002-06-11yBK 57.00